000 00703cab a2200253 4500
001 WB3333-54
008 090401t1997 xxu||||| |||| 00| 0 eng d
035 _a(Sirsi) u80406
041 _aeng
245 _aConrad Ritblat profits
260 _c1997
350 _a0
490 _aFinancial Times
_v21 August 1997, 18
490 _aTimes
_v21 August 1997, 24(2)
520 _aConrad Ritblat has reported a 102% rise in pre-tax profits.
650 _aASSET VALUES
650 _aCONRAD RITBLAT
650 _aPROFITS
650 _aPROPERTY CONSULTANTS
650 _aPROPERTY INVESTMENT
690 _aMANAGEMENT-BUSINESS MANAGEMENT-PROFESSIONAL PRACTICE
942 _n0
948 _c21/08/1997
999 _c50632
_d50632